Statistiques concernant Villes les plus peuplées de l'Aude 11

Cliquez ici pour prendre le quiz!

Statistiques générales

  • Ce quiz a été pris 43 fois
  • Le résultat moyen est 8 sur 15

Statistiques - réponses

PopulationVille% Correct
46 673Carcassonne
100%
56 123Narbonne
97%
4 581Leucate
74%
10 161Limoux
74%
5 905Port-la-Nouvelle
68%
12 467Castelnaudary
65%
5 131Gruissan
59%
11 112Lézignan-Corbières
56%
5 785Coursan
50%
5 542Sigean
50%
3 713Fleury
44%
5 438Trèbes
44%
4 044Cuxac-d'Aude
21%
3 251Salles-d'Aude
21%
4 501Villemoustaussou
15%

Distribution des résultats

Percentile par nombre de réponses

% des personnes avec chaque résultat

Votre développement - résultats

Vous n’avez pas pris ce quiz